| 000 | 00823nam a22002777a 4500 | ||
|---|---|---|---|
| 001 | 000157 | ||
| 003 | DO-SdBNP | ||
| 005 | 20180202151633.0 | ||
| 007 | 000157 | ||
| 008 | 160610b 1982 nyu xxu||||| |||| 00| 0 spa d | ||
| 020 | _a1558830766 | ||
| 040 |
_aBPMSU _bspa _cBPMSU |
||
| 041 | 1 | 7 |
_aspa _heng |
| 092 |
_axxxxx _bxxxxx |
||
| 100 | 1 | _aAdams, Jay Edward | |
| 240 | 1 | 0 |
_aYou can conquer depression. _6Español |
| 245 | 1 | 0 |
_aTu puedes vencer la depresión / _cJay Edward Adams ; traducido al castellano por, Pedro Vega |
| 260 |
_b Unilit, _8 _a Grand Rapids, Michigan, _c1982. |
||
| 300 |
_a19 p. ; _c18 cm. |
||
| 490 | 1 | _aTú puedes | |
| 700 | 1 | 2 |
_aVega, Pedro, _etr. |
| 830 | 0 | _pTú puedes | |
| 942 |
_2ddc _cBK |
||
| 945 | _aInventariado, 2018 / BT | ||
| 956 |
_2LOPEREZ _310 _620160610 _8BPMSU _a00041 |
||
| 999 |
_c10362 _d10362 |
||